|
|
|
|
| LEADER |
00000nab a2200000 a 4500 |
| 001 |
vtls008993701 |
| 003 |
SK-MaSNL |
| 005 |
20260304013355.0 |
| 008 |
140619c2007 xo zr|p|||||||000 b|slo |
| 015 |
|
|
|a SNBRB2007/05
|2 snkbucl
|
| 040 |
|
|
|a SNKBUCL
|b slo
|c SNKBUCL
|e AACR2
|
| 041 |
0 |
|
|a slo
|
| 044 |
|
|
|a xo
|c SK
|
| 080 |
|
|
|a 821.161.1
|2 2001
|
| 080 |
|
|
|a 008
|x (470+571)
|2 2001
|
| 100 |
1 |
|
|a Horváth, Karol D.,
|d 1961-
|4 aut
|9 105062
|
| 245 |
1 |
0 |
|a Pohľad do stepí
|c Karol D. Horváth
|
| 650 |
0 |
7 |
|a ruská literatúra
|2 snkbucl
|9 1204
|
| 650 |
0 |
7 |
|a ruská kultúra
|2 snkbucl
|9 390214
|
| 655 |
|
7 |
|a glosy
|2 snkbucl
|9 28645
|
| 773 |
0 |
|
|t OS
|g Roč. 11, č. 2 (2007), s. 180-183
|x 1335-2296
|
| 852 |
|
|
|a SNK
|b KIS3GCP
|
| 958 |
|
|
|a RU
|
| 958 |
|
|
|a LX
|
| 999 |
|
|
|c 2575555
|d 2577485
|